000 01423nam a22003017a 4500
003 OSt
005 20260122212307.0
008 260122b ||||| |||| 00| 0 eng d
040 _bEnglish.
_cCvSU-CCAT Campus Library.
_erda.
050 _aUM HF 5548.32
_bD43 2023
100 _aDe Castro, Mitz May D., author.
_918255
245 _aExploring the online barter practices of traders in selected areas of Cavite /
_cMitz May D. De Castro, Jay Ann G. Fajardo, Leenshey G. Sarique.
260 _aRosario, Cavite :
_bCavite State University-CCAT Campus,
_c2023.
300 _aviii, 82 leaves :
_billustrations ;
_c28 cm
500 _aUndergraduate Thesis (BSBM) -- Cavite State University-CCAT Campus, 2023.
504 _aIncludes bibliographical references and appendices.
546 _aIn English text
650 _abarter -- Internet-based exchange -- Philippines -- Cavite.
_918256
650 _aElectronic commerce -- Philippines -- Cavite.
_918257
650 _aTrading -- Social media platforms -- Philippines.
_918258
650 _aInformal economy -- Philippines -- Cavite.
_918259
700 _aFajardo, Jay Ann G., author.
_918260
700 _aSarique, Leenshey G., author.
_918261
700 _aPerez, Richard P., adviser.
_96637
700 _aMendoza, Xavier Lawrence D., technical critic.
_99284
942 _2lcc
_cT/M/D
_hHF 5548.32 D43 2023
_kUM
999 _c4620
_d4620